000 00611nam a2200229Ia 4500
003 OSt
005 20221006164851.0
006 a|||||r|||| 00| 0
007 ta
008 221006b |||||||| |||| 00| 0 hin d
024 _a6,554
037 _cTextual
040 _aFML
_cFML
_bhin
041 _2hin
_ahin
082 _aY744:1, Q4
100 _aSingh Jagveer Au.
_9678532
245 0 _aAdiwasi Dalit Sanskriti
260 _aDelhi
_bKanishka Publishers, Distributor India
_c2008
300 _a285
_ccm.
942 _hY744:1, Q4
_cTEXL
_2CC
999 _c1118758
_d1118758